Estado y patrimonio divino. Transición de una economía tradicional a una moderna. Chile 1760-1840.
Uloženo v:
| Hlavní autor: | |
|---|---|
| Médium: | Kniha |
| Jazyk: | španělština |
| Vydáno: |
Valparaíso, Chile:
Ediciones PUCV,
2024.
|
| Edice: | Colección Historia.
|
| Témata: | |
| Tagy: |
Přidat tag
Žádné tagy, Buďte první, kdo vytvoří štítek k tomuto záznamu!
|
MARC
| LEADER | 00000nam a22000007a 4500 | ||
|---|---|---|---|
| 003 | CL-VaPUC | ||
| 005 | 20250117103351.0 | ||
| 008 | 250103t2024 ||||| |||| 00| 0 spa d | ||
| 999 | |c 446360 |d 446358 | ||
| 020 | |a 978-956-17-1138-9 | ||
| 040 | |c Pontificia Universidad Católica de Valparaíso | ||
| 082 | |2 22 |a 282.83 SAN 2024 | ||
| 100 | |9 548071 |a Sánchez Gaete, Marcial |e autor | ||
| 245 | |a Estado y patrimonio divino. |b Transición de una economía tradicional a una moderna. Chile 1760-1840. | ||
| 260 | |a Valparaíso, Chile: |b Ediciones PUCV, |c 2024. | ||
| 300 | |a 254 páginas. | ||
| 490 | |a Colección Historia. | ||
| 500 | |a c.1 Donación del Profesor Ricardo Iglesias Segura (Director). Memo HIS N°26. 20-12-2024. | ||
| 500 | |a Proyecto financiado por el Fondo Nacional de Fomento del Libro y la Lectura, convocatoria 2024. Ministerio de las Culturas, las Artes y el Patrimonio. Gobierno de Chile. | ||
| 583 | |c 20250103 |k Yessy Sthefany Diaz Vidal | ||
| 650 | 0 | |9 257443 |a Iglesia Católica y Estado |x Independencia de Chile |y Siglos 18-19 | |
| 650 | 0 | |9 256114 |a Iglesia Católica |x Patrimonio eclesiástico |y Siglos 18-19 | |
| 650 | 0 | |9 265473 |a Historia de Chile |x Economía y religión |y Siglos 18-19 | |
| 942 | |2 ddc |c BK | ||
| 952 | |0 0 |1 0 |2 ddc |4 0 |6 282_830000000000000_SAN_2024 |7 0 |8 A |9 598819 |a BIBHIS |b BIBHIS |d 2025-01-03 |e Donación |i 5663749 |o 282.83 SAN 2024 |p 5663749 |r 2025-01-03 |t 1 |w 2025-01-03 |y BK |k HIS | ||